<?xml version="1.0" encoding="UTF-8"?>
<record
    xmlns:xsi="http://www.w3.org/2001/XMLSchema-instance"
    xsi:schemaLocation="http://www.loc.gov/MARC21/slim http://www.loc.gov/standards/marcxml/schema/MARC21slim.xsd"
    xmlns="http://www.loc.gov/MARC21/slim">

  <leader>00850nam a22002297a 4500</leader>
  <controlfield tag="005">20240113024514.0</controlfield>
  <controlfield tag="008">240113b           ||||| |||| 00| 0 eng d</controlfield>
  <datafield tag="040" ind1=" " ind2=" ">
    <subfield code="a">CvSU-CCAT Campus Library.</subfield>
    <subfield code="c">CvSU-CCAT Campus Library.</subfield>
    <subfield code="e">rda.</subfield>
  </datafield>
  <datafield tag="041" ind1=" " ind2=" ">
    <subfield code="a">English.</subfield>
  </datafield>
  <datafield tag="050" ind1=" " ind2=" ">
    <subfield code="a">F LB 3051</subfield>
    <subfield code="b">G33a 2013</subfield>
  </datafield>
  <datafield tag="100" ind1=" " ind2=" ">
    <subfield code="a">Gabuyo, Yonardo A., author</subfield>
    <subfield code="9">2338</subfield>
  </datafield>
  <datafield tag="245" ind1=" " ind2=" ">
    <subfield code="a">Assessment of learning 2 :</subfield>
    <subfield code="b">textbook and reviewer /</subfield>
    <subfield code="c">Yonardo A. Gabuyo, Gary C. Dy</subfield>
  </datafield>
  <datafield tag="260" ind1=" " ind2=" ">
    <subfield code="c">c</subfield>
  </datafield>
  <datafield tag="300" ind1=" " ind2=" ">
    <subfield code="a">vii, 180 pages :</subfield>
    <subfield code="b">illustrations ;</subfield>
    <subfield code="c">25 cm.</subfield>
  </datafield>
  <datafield tag="490" ind1=" " ind2=" ">
    <subfield code="a">TEACH series NCBTS aligned</subfield>
  </datafield>
  <datafield tag="504" ind1=" " ind2=" ">
    <subfield code="a">Includes bibliographical references and index.</subfield>
  </datafield>
  <datafield tag="541" ind1=" " ind2=" ">
    <subfield code="e">11245 c.1; 11246 c.2</subfield>
  </datafield>
  <datafield tag="546" ind1=" " ind2=" ">
    <subfield code="a">In English text.</subfield>
  </datafield>
  <datafield tag="650" ind1=" " ind2=" ">
    <subfield code="a">Educational test and measurement</subfield>
    <subfield code="z">Philippines.</subfield>
    <subfield code="9">1149</subfield>
  </datafield>
  <datafield tag="700" ind1=" " ind2=" ">
    <subfield code="a">Dy, Gary C., author</subfield>
    <subfield code="9">8014</subfield>
  </datafield>
  <datafield tag="942" ind1=" " ind2=" ">
    <subfield code="2">lcc</subfield>
    <subfield code="c">BK</subfield>
    <subfield code="h">LB 3051 G33a 2013</subfield>
    <subfield code="k">F</subfield>
  </datafield>
  <datafield tag="999" ind1=" " ind2=" ">
    <subfield code="c">2468</subfield>
    <subfield code="d">2468</subfield>
  </datafield>
  <datafield tag="952" ind1=" " ind2=" ">
    <subfield code="0">0</subfield>
    <subfield code="1">0</subfield>
    <subfield code="2">lcc</subfield>
    <subfield code="4">0</subfield>
    <subfield code="7">0</subfield>
    <subfield code="8">NF</subfield>
    <subfield code="a">CCATLIB</subfield>
    <subfield code="b">CCATLIB</subfield>
    <subfield code="c">F</subfield>
    <subfield code="d">2024-01-13</subfield>
    <subfield code="e">Purchased</subfield>
    <subfield code="f">F</subfield>
    <subfield code="o">F LB 3051 G33a 2013</subfield>
    <subfield code="p">R0011245</subfield>
    <subfield code="r">2025-10-15 00:00:00</subfield>
    <subfield code="t">c.1</subfield>
    <subfield code="w">2024-01-13</subfield>
    <subfield code="y">BK</subfield>
  </datafield>
  <datafield tag="952" ind1=" " ind2=" ">
    <subfield code="0">0</subfield>
    <subfield code="1">0</subfield>
    <subfield code="2">lcc</subfield>
    <subfield code="4">0</subfield>
    <subfield code="7">0</subfield>
    <subfield code="8">NF</subfield>
    <subfield code="a">CCATLIB</subfield>
    <subfield code="b">CCATLIB</subfield>
    <subfield code="c">F</subfield>
    <subfield code="d">2024-01-13</subfield>
    <subfield code="e">Purchased</subfield>
    <subfield code="f">F</subfield>
    <subfield code="l">2</subfield>
    <subfield code="m">1</subfield>
    <subfield code="o">F LB 3051 G33a 2013</subfield>
    <subfield code="p">R0011246</subfield>
    <subfield code="r">2026-03-26 20:45:46</subfield>
    <subfield code="s">2026-03-23</subfield>
    <subfield code="t">c.2</subfield>
    <subfield code="w">2024-01-13</subfield>
    <subfield code="y">BK</subfield>
  </datafield>
</record>
